000 00595nam a2200205Ia 4500
003 GCL
008 140319s9999 xx 000 0 eng d
040 _aGCL /
_cGCL
082 0 4 _a632.96
_bV B
100 1 _aVAN DRIESCHE, ROYE G
245 1 0 _aBIOLOGICAL CONTROL /
_cVAN DRIESCHE, ROYE G
700 1 _aBELLAWS.JR, THOMAS S
260 _a[S.N] :
_bINTERNATIONAL THOMSON PUBLISHING COMP ،
_c1996
300 _a539 P
650 0 4 _aANGIOSPERMS - EVOLUTION
650 0 4 _aPESTS - BIOLOGICAL CONTROL
650 0 4 _aPOLLINATION BY ANIMALS
650 0 4 _aPOLLINATION BY INSECTS
942 _2ddc
_cBK
999 _c15905
_d15905